Republic of Lithuania : Selected Issues.

Selected Issues.

Bibliographic Details
Corporate Author: International Monetary Fund. European Dept
Format: Journal
Language:English
Published: Washington, D.C. : International Monetary Fund, 2022.
Series:IMF Staff Country Reports; Country Report ; No. 2022/252
Subjects:
Online Access:Full text available on IMF
LEADER 01260cas a2200289 a 4500
001 AALejournalIMF023021
008 230101c9999 xx r poo 0 0eng d
020 |c 20.00 USD 
020 |z 9798400217333 
022 |a 1934-7685 
040 |a BD-DhAAL  |c BD-DhAAL 
110 2 |a International Monetary Fund.  |b European Dept. 
245 1 0 |a Republic of Lithuania :   |b Selected Issues. 
264 1 |a Washington, D.C. :  |b International Monetary Fund,  |c 2022. 
300 |a 1 online resource (35 pages) 
490 1 |a IMF Staff Country Reports 
500 |a <strong>Off-Campus Access:</strong> No User ID or Password Required 
500 |a <strong>On-Campus Access:</strong> No User ID or Password Required 
506 |a Electronic access restricted to authorized BRAC University faculty, staff and students 
520 3 |a Selected Issues. 
538 |a Mode of access: Internet 
650 7 |a International Agreements and Observance  |2 imf 
650 7 |a International Organizations  |2 imf 
650 7 |a Monetary Policy  |2 imf 
651 7 |a Lithuania, Republic of  |2 imf 
830 0 |a IMF Staff Country Reports; Country Report ;  |v No. 2022/252 
856 4 0 |z Full text available on IMF  |u https://elibrary.imf.org/openurl?genre=journal&issn=1934-7685&volume=2022&issue=252  |z IMF e-Library